| 000 | 00449nam a2200169Ia 4500 | ||
|---|---|---|---|
| 999 |
_c842 _d842 |
||
| 003 | OSt | ||
| 005 | 20210909102842.0 | ||
| 008 | 190216s9999||||xx |||||||||||||| ||und|| | ||
| 040 | _coclc | ||
| 082 |
_a492.7 _bMAK/T |
||
| 100 | _aNull | ||
| 245 | 0 | _aThaclumu Lluathil Enkliziya Fi Five Ayyam / | |
| 260 | _bMakthaba Al Hassnath Nampoor, | ||
| 300 | _a144p | ||
| 650 | _aArabic | ||
| 942 |
_cBK _2ddc _h492.7 _iMAK/T _k492.7 _mMAK/T |
||